Satakunta-visa - Statistics

Yleistilastot
  • Tätä visaa on pelattu 1 571 kertaa
  • Keskiarvotulos 10 / 16
Vastaustilastot
Vihje Vastaus % Oikein
Väkirikkain kaupunki Pori
98%
Toiseksi väkirikkain kaupunki Rauma
94%
Hiekkarannoistaan tunnettu kaupunginosa Yyteri
89%
Piispa, jonka talonpoika Lalli legendan mukaan surmasi Henrik
78%
Naapurimaakunta, josta iso osa kuului Satakunnan historialliseen maakuntaan Pirkanmaa
73%
Saarella sijaitseva ydinvoimalaitos Olkiluoto
71%
Maakunnan pisin joki Kokemäenjoki
70%
Surma tapahtui tämän järven jäällä Köyliönjärvi
68%
Huittisissa vuonna 1889 syntynyt presidentti Risto Ryti
67%
Erityisesti Kalevala-aiheisista maalauksistaan tunnettu taiteilija Akseli Gallen-Kallela
66%
Meri maakunnan länsipuolella Selkämeri
63%
Suomen toiseksi vanhimpana pidetty kaupunki Ulvila
56%
Osittain Varsinais-Suomessa sijaitseva maakunnan nimikkojärvi Pyhäjärvi
47%
Maisema-alue, joka ulottuu Satakunnan lounaisosiin asti {Saaristo}-Suomi
34%
Maailmanperintökohteet, jotka sijaitsevat Satakunnassa {Vanha} {Rauma}
34%
Maailmanperintökohteet, jotka sijaitsevat Satakunnassa {Sammal}lahdenmäki
22%
Ehtoja vastaavia visoja ei löytynyt
Tulosjakauma
Jokaisen tuloksen saaneiden osuus
Persentiili vastausten määrän mukaan
Tuloshistoriasi
Et ole pelannut tätä visaa